Early pioneering projects: (Record no. 193843)
[ view plain ]
| 000 -LEADER | |
|---|---|
| fixed length control field | 00633nam a22001817a 4500 |
| 005 - DATE AND TIME OF LATEST TRANSACTION | |
| control field | 20221117160815.0 |
| 010 ## - LCCN (DPL NO) | |
| LC control number | ENG-135729 |
| 020 ## - INTERNATIONAL STANDARD BOOK NUMBER | |
| Terms of availability | 980.00 |
| 035 ## - SYSTEM CONTROL NUMBER | |
| System control number | EN-119261 |
| 037 ## - SOURCE OF ACQUISITION | |
| Source of stock number/acquisition | DBAD/PUB |
| 082 ## - DEWEY DECIMAL CLASSIFICATION NUMBER | |
| Classification number | 333.7924042 |
| 100 ## - MAIN ENTRY--PERSONAL NAME | |
| Personal name | Manohar, Vasant |
| 245 ## - TITLE STATEMENT | |
| Title | Early pioneering projects: |
| Remainder of title | of tata consulting engineers/ |
| Statement of responsibility, etc | by Vasant Manohar |
| 260 ## - PUBLICATION, DISTRIBUTION, ETC. (IMPRINT) | |
| Place of publication, distribution, etc | Mumbai |
| Name of publisher, distributor, etc | Vakil, Feffer and Simons Pvt. Ltd. |
| Date of publication, distribution, etc | 2018 |
| 270 ## - ADDRESS | |
| Address | Industry Manor, Appasaheb Marathe Marg, Prabhadevi |
| City | Mumbai |
| Postal code | 400025 |
| Electronic mail address | info@vakilspublications.com |
| Telephone number | 00912224306780 |
| 300 ## - PHYSICAL DESCRIPTION | |
| Extent | xi: 184p. |
| Dimensions | 23cm(pbk) |
| 942 ## - ADDED ENTRY ELEMENTS (KOHA) | |
| Source of classification or shelving scheme | Dewey Decimal Classification |
| Item type | English Books |
| Call number suffix | MAN |
| Classification part | 333.7924042 |
| Withdrawn status | Lost status | Not for loan | Collection code | Home library | Current library | Date acquired | Source of acquisition | Cost, normal purchase price | Full call number | Barcode | Copy number | Cost, replacement price | Koha item type |
|---|---|---|---|---|---|---|---|---|---|---|---|---|---|
| Non-fiction | Narela | Narela | 17/11/2022 | DBAD/PUB | 980.00 | 333.7924042 MAN | EN-119261 | 1 | 980.00 | English Books |
